[Event "Monarch Assurance Isle of Man 9th"]
[Site "Port Erin IOM"]
[Date "2000.10.16"]
[Round "3.1"]
[White "Sherbakov, Ruslan"]
[Black "Cherniaev, Alexander"]
[Result "1/2-1/2"]
[WhiteElo "2558"]
[BlackElo "2454"]
[PlyCount "37"]
[EventDate "2000.10.14"]
[EventType "swiss"]
[EventRounds "9"]
[EventCountry "IOM"]
[SourceTitle "BritBase"]
[SourceDate "2008.07.14"]
[SourceVersion "1"]
[SourceVersionDate "2008.07.14"]
[SourceQuality "2"]

1. d4 d5 2. c4 c6 3. Nf3 e6 4. Qc2 Nf6 5. Bg5 h6 6. Bh4 dxc4 7. Qxc4 Be7 8.
Nbd2 b6 9. Qc2 Bb7 10. Bxf6 Bxf6 11. e3 Nd7 12. Bd3 O-O 13. O-O c5 14. Bh7+ Kh8
15. Be4 Bxe4 16. Nxe4 cxd4 17. Rad1 Rc8 18. Qb1 Nc5 19. Nxf6 1/2-1/2

[Event "Monarch Assurance Isle of Man 9th"]
[Site "Port Erin IOM"]
[Date "2000.10.16"]
[Round "3.3"]
[White "Gormally, Daniel W"]
[Black "Volkov, Sergey"]
[Result "0-1"]
[WhiteElo "2499"]
[BlackElo "2554"]
[PlyCount "72"]
[EventDate "2000.10.14"]
[EventType "swiss"]
[EventRounds "9"]
[EventCountry "IOM"]
[SourceTitle "BritBase"]
[SourceDate "2008.07.14"]
[SourceVersion "1"]
[SourceVersionDate "2008.07.14"]
[SourceQuality "2"]

1. d4 d5 2. c4 c6 3. Nf3 Nf6 4. Nc3 a6 5. Bg5 Ne4 6. Bf4 Nxc3 7. bxc3 dxc4 8.
e4 b5 9. Ne5 Qa5 10. Bd2 Nd7 11. Nxc6 Qc7 12. Nb4 Bb7 13. e5 e6 14. Nc2 Nb6 15.
Qg4 h5 16. Qg3 h4 17. Qh3 Qc6 18. f3 b4 19. cxb4 Qa4 20. Kd1 c3 21. Bg5 Bxb4
22. Bd3 Nd5 23. Ke2 Be7 24. Qg4 f5 25. exf6 gxf6 26. Bc1 f5 27. Qh3 Bc6 28. Kf2
Bf6 29. Re1 Bxd4+ 30. Kf1 Kd7 31. Rxe6 Kxe6 32. Qxf5+ Kd6 33. Ba3+ Kc7 34. Qf7+
Kd8 35. Rd1 Ra7 36. Qe6 Rd7 0-1

[Event "Monarch Assurance Isle of Man 9th"]
[Site "Port Erin IOM"]
[Date "2000.10.16"]
[Round "3.5"]
[White "Ward, Chris"]
[Black "Akesson, Ralf"]
[Result "1/2-1/2"]
[WhiteElo "2510"]
[BlackElo "2486"]
[PlyCount "100"]
[EventDate "2000.10.14"]
[EventType "swiss"]
[EventRounds "9"]
[EventCountry "IOM"]
[SourceTitle "BritBase"]
[SourceDate "2008.07.14"]
[SourceVersion "1"]
[SourceVersionDate "2008.07.14"]
[SourceQuality "2"]

1. d4 Nf6 2. Bg5 d5 3. Bxf6 exf6 4. e3 Bd6 5. g3 O-O 6. Bg2 c6 7. Ne2 f5 8. O-O
Nd7 9. Nd2 Nf6 10. c4 Be6 11. c5 Be7 12. b4 a5 13. a3 axb4 14. axb4 b5 15. Qb3
Qc7 16. Ra3 Ra7 17. Rfa1 Rfa8 18. Rxa7 Rxa7 19. Ra3 Qb7 20. Qa2 Rxa3 21. Qxa3
Bd8 22. Nf3 Bc8 23. Ne5 Nd7 24. Nxd7 Bxd7 25. Nf4 Bc8 26. Nd3 Qa6 27. Qxa6 Bxa6
28. Ne5 Bb7 29. f3 f6 30. Nd3 g6 31. e4 fxe4 32. fxe4 dxe4 33. Bxe4 f5 34. Bf3
Bf6 35. d5 cxd5 36. Nf4 Kf8 37. Bxd5 g5 38. Ne6+ Ke7 39. Bxb7 Kxe6 40. Bc8+ Ke7
41. Bxf5 h5 42. Bd3 Bc3 43. Bxb5 Bxb4 44. c6 Bd6 45. h4 gxh4 46. gxh4 Kd8 47.
Kg2 Be7 48. Kg3 Kc7 49. Be2 Kxc6 50. Bxh5 Bxh4+ 1/2-1/2

[Event "Monarch Assurance Isle of Man 9th"]
[Site "Port Erin IOM"]
[Date "2000.10.16"]
[Round "3.6"]
[White "Sedgwick, David"]
[Black "Quinn, Mark"]
[Result "0-1"]
[WhiteElo "2091"]
[BlackElo "2381"]
[PlyCount "60"]
[EventDate "2000.10.14"]
[EventType "swiss"]
[EventRounds "9"]
[EventCountry "IOM"]
[SourceTitle "BritBase"]
[SourceDate "2008.07.14"]
[SourceVersion "1"]
[SourceVersionDate "2008.07.14"]
[SourceQuality "2"]

1. e4 d6 2. d4 g6 3. Nc3 c6 4. f4 d5 5. e5 h5 6. Bd3 Bg4 7. Qd2 Nh6 8. h3 Bf5
9. Nf3 e6 10. Ng5 Bxd3 11. Qxd3 h4 12. g3 hxg3 13. Qxg3 Nf5 14. Qg1 Qb6 15. Ne2
c5 16. c3 Nc6 17. Nf3 O-O-O 18. Ng3 Nxg3 19. Qxg3 cxd4 20. cxd4 Nxd4 21. Nxd4
Qxd4 22. Be3 Bb4+ 23. Kf1 Qxb2 24. Rc1+ Kb8 25. Rh2 Qa3 26. Rhc2 d4 27. Bf2
Rxh3 28. Qxa3 Bxa3 29. Kg2 Bxc1 30. Kxh3 Bxf4 0-1

[Event "Monarch Assurance Isle of Man 9th"]
[Site "Port Erin IOM"]
[Date "2000.10.16"]
[Round "3.7"]
[White "Yurenok, Maria"]
[Black "Cooper, Lawrence"]
[Result "0-1"]
[WhiteElo "2058"]
[BlackElo "2345"]
[PlyCount "75"]
[EventDate "2000.10.14"]
[EventType "swiss"]
[EventRounds "9"]
[EventCountry "IOM"]
[SourceTitle "BritBase"]
[SourceDate "2008.07.14"]
[SourceVersion "1"]
[SourceVersionDate "2008.07.14"]
[SourceQuality "2"]

1. d4 Nf6 2. Nf3 d6 3. Bg5 Nbd7 4. Nbd2 e5 5. c3 Be7 6. dxe5 dxe5 7. e4 O-O 8.
Be2 b6 9. O-O Bb7 10. Qc2 Nc5 11. Bxf6 Bxf6 12. b4 Ne6 13. g3 a5 14. a3 axb4
15. axb4 Ng5 16. Nxg5 Bxg5 17. Nf3 Bf6 18. Rfd1 Qc8 19. Ne1 Qe6 20. Ng2 Qc6 21.
f3 b5 22. Bd3 Rfd8 23. Kh1 Bg5 24. Rdb1 g6 25. Rd1 Rxa1 26. Rxa1 Rd6 27. Ne1
Qb6 28. Kg2 c5 29. bxc5 Qxc5 30. Rb1 Bc6 31. Kh1 Bd8 32. Rd1 Ba5 33. Rc1 Bd7
34. Ng2 Rc6 35. c4 b4 36. Rb1 Rd6 37. Qe2 Bb6 38. Ne1 0-1

[Event "Monarch Assurance Isle of Man 9th"]
[Site "Port Erin IOM"]
[Date "2000.10.16"]
[Round "3.8"]
[White "Arkell, Keith"]
[Black "Clark, Stephen P"]
[Result "1-0"]
[WhiteElo "2481"]
[BlackElo "2133"]
[PlyCount "87"]
[EventDate "2000.10.14"]
[EventType "swiss"]
[EventRounds "9"]
[EventCountry "IOM"]
[SourceTitle "BritBase"]
[SourceDate "2008.07.14"]
[SourceVersion "1"]
[SourceVersionDate "2008.07.14"]
[SourceQuality "2"]

1. e4 d5 2. Nc3 dxe4 3. Nxe4 Bf5 4. Ng3 Bg6 5. N1e2 e5 6. f4 exf4 7. Nxf4 Bd6
8. d4 Ne7 9. Bd3 Nd7 10. O-O Nf6 11. Nxg6 hxg6 12. Qf3 c6 13. h3 Qb6 14. Be3
O-O-O 15. c4 Qc7 16. Ne2 Qd7 17. d5 Kb8 18. Nd4 cxd5 19. Nb5 Nc6 20. Nxd6 Qxd6
21. Bf4 Ne5 22. Qg3 Nfd7 23. cxd5 Ka8 24. Kh1 Rde8 25. Bb5 f6 26. Rfe1 Qxd5 27.
a4 g5 28. Bxe5 Nxe5 29. Bxe8 Rxe8 30. Rad1 Qc6 31. Qc3 Qe6 32. Qc7 a6 33. Rd7
Qxd7 34. Qxd7 Nxd7 35. Rxe8+ Ka7 36. b4 a5 37. bxa5 Nc5 38. Rg8 Nxa4 39. Rxg7
Ka6 40. g3 Kxa5 41. Rxb7 Nc5 42. Rb8 Ne4 43. Kg2 f5 44. Rf8 1-0

[Event "Monarch Assurance Isle of Man 9th"]
[Site "Port Erin IOM"]
[Date "2000.10.16"]
[Round "3.10"]
[White "Gladyszev, Oleg"]
[Black "Ellison, D George"]
[Result "1-0"]
[WhiteElo "2351"]
[BlackElo "2100"]
[PlyCount "35"]
[EventDate "2000.10.14"]
[EventType "swiss"]
[EventRounds "9"]
[EventCountry "IOM"]
[SourceTitle "BritBase"]
[SourceDate "2008.07.14"]
[SourceVersion "1"]
[SourceVersionDate "2008.07.14"]
[SourceQuality "2"]

1. d4 e6 2. c4 f5 3. g3 Nf6 4. Bg2 Be7 5. Nf3 O-O 6. O-O d6 7. Nc3 Qe8 8. Re1
Qg6 9. e4 fxe4 10. Nxe4 Nxe4 11. Rxe4 Nc6 12. Qe2 Bf6 13. Bd2 d5 14. Rf4 Qc2
15. cxd5 Qxb2 16. Re1 exd5 17. Ng5 Ne7 18. Rxf6 1-0

[Event "Monarch Assurance Isle of Man 9th"]
[Site "Port Erin IOM"]
[Date "2000.10.16"]
[Round "3.11"]
[White "Fraser-Mitchell, Jeremy"]
[Black "Marusenko, Petr"]
[Result "0-1"]
[WhiteElo "2113"]
[BlackElo "2327"]
[PlyCount "66"]
[EventDate "2000.10.14"]
[EventType "swiss"]
[EventRounds "9"]
[EventCountry "IOM"]
[SourceTitle "BritBase"]
[SourceDate "2008.07.14"]
[SourceVersion "1"]
[SourceVersionDate "2008.07.14"]
[SourceQuality "2"]

1. d4 Nf6 2. c4 e6 3. Nc3 Bb4 4. Bg5 h6 5. Bh4 c5 6. Rc1 cxd4 7. Qxd4 Nc6 8.
Bxf6 gxf6 9. Qd2 b6 10. a3 Be7 11. Nb5 Bb7 12. Nf3 Rc8 13. b4 a5 14. c5 axb4
15. axb4 bxc5 16. bxc5 Qa5 17. Nd6+ Bxd6 18. cxd6 O-O 19. e3 Nb4 20. Rc7 Rxc7
21. dxc7 Qa1+ 22. Qd1 Qc3+ 23. Qd2 Qa1+ 24. Qd1 Qc3+ 25. Qd2 Qxc7 26. Bb5 Qc5
27. Qe2 Nc2+ 28. Kf1 Ra8 29. g3 Ra1+ 30. Kg2 Rxh1 31. Kxh1 Ne1 32. Qxe1 Bxf3+
33. Kg1 Qxb5 0-1

[Event "Monarch Assurance Isle of Man 9th"]
[Site "Port Erin IOM"]
[Date "2000.10.16"]
[Round "3.12"]
[White "Shepherd, Michael"]
[Black "Rayner, Francis"]
[Result "0-1"]
[WhiteElo "2035"]
[BlackElo "2256"]
[PlyCount "56"]
[EventDate "2000.10.14"]
[EventType "swiss"]
[EventRounds "9"]
[EventCountry "IOM"]
[SourceTitle "BritBase"]
[SourceDate "2008.07.14"]
[SourceVersion "1"]
[SourceVersionDate "2008.07.14"]
[SourceQuality "2"]

1. d4 Nf6 2. c4 e6 3. Nc3 Bb4 4. Qc2 O-O 5. e4 c5 6. a3 Qa5 7. e5 cxd4 8. axb4
Qxa1 9. exf6 dxc3 10. fxg7 Re8 11. bxc3 e5 12. Nf3 d6 13. c5 d5 14. Be2 Bf5 15.
Qd2 Qb1 16. O-O Qc2 17. Qg5 Bg6 18. Bb5 Nc6 19. Bxc6 bxc6 20. Nxe5 Re6 21. Ng4
Qxc3 22. Bd2 Qxg7 23. h4 h5 24. Nh6+ Kh7 25. Nf5 Qe5 26. Qh6+ Kg8 27. Nd6 Bd3
28. Re1 Qxe1+ 0-1

[Event "Monarch Assurance Isle of Man 9th"]
[Site "Port Erin IOM"]
[Date "2000.10.16"]
[Round "3.13"]
[White "Allen, Keith"]
[Black "Hughes, Andrew"]
[Result "1-0"]
[WhiteElo "2250"]
[BlackElo "2043"]
[PlyCount "63"]
[EventDate "2000.10.14"]
[EventType "swiss"]
[EventRounds "9"]
[EventCountry "IOM"]
[SourceTitle "BritBase"]
[SourceDate "2008.07.14"]
[SourceVersion "1"]
[SourceVersionDate "2008.07.14"]
[SourceQuality "2"]

1. d4 Nf6 2. c4 e6 3. Nc3 Bb4 4. Qc2 c5 5. dxc5 Na6 6. a3 Qa5 7. Bd2 Nxc5 8.
Rc1 Bxc3 9. Bxc3 Qa4 10. b4 Qxc2 11. Rxc2 Na4 12. Bd4 d6 13. e3 Bd7 14. f4 Ke7
15. Nf3 Rhc8 16. Bd3 b5 17. c5 dxc5 18. bxc5 a5 19. Ke2 b4 20. Ne5 b3 21. Rcc1
b2 22. Rc2 Rab8 23. Rb1 Nd5 24. Nxd7 Kxd7 25. Rc4 Nxc5 26. Bxc5 Rb3 27. Bd4
Rcb8 28. Rc2 Rxa3 29. Rbxb2 Nb4 30. Rc3 Ra1 31. Be5 Rb7 32. Bxh7 1-0

[Event "Monarch Assurance Isle of Man 9th"]
[Site "Port Erin IOM"]
[Date "2000.10.16"]
[Round "3.14"]
[White "Hill, David F"]
[Black "Jackson, Adrian"]
[Result "1/2-1/2"]
[WhiteElo "1992"]
[BlackElo "2207"]
[PlyCount "75"]
[EventDate "2000.10.14"]
[EventType "swiss"]
[EventRounds "9"]
[EventCountry "IOM"]
[SourceTitle "BritBase"]
[SourceDate "2008.07.14"]
[SourceVersion "1"]
[SourceVersionDate "2008.07.14"]
[SourceQuality "2"]

1. Nf3 Nf6 2. c4 e6 3. g3 c5 4. Bg2 Nc6 5. O-O Be7 6. Nc3 O-O 7. d4 cxd4 8.
Nxd4 a6 9. Bf4 Nxd4 10. Qxd4 d6 11. Qd3 Qc7 12. Rac1 e5 13. Bg5 Be6 14. Bxf6
Bxf6 15. Nd5 Bxd5 16. Bxd5 Rab8 17. b4 Kh8 18. Qf5 Qe7 19. h4 g6 20. Qh3 h5 21.
e4 Rbc8 22. a4 b6 23. Rb1 Rb8 24. Rb3 Qe8 25. Ra1 Bd8 26. Qf1 Qd7 27. Qd1 Kg7
28. Rd3 Be7 29. Ra2 a5 30. Rb2 axb4 31. Rxb4 Qc7 32. Rb5 f5 33. exf5 Rxf5 34.
Rf3 Rbf8 35. Rxf5 Rxf5 36. Be4 Rf6 37. Qd5 Bd8 38. Kg2 1/2-1/2

[Event "Monarch Assurance Isle of Man 9th"]
[Site "Port Erin IOM"]
[Date "2000.10.16"]
[Round "3.15"]
[White "Schulz, Joerg"]
[Black "Peters, Stephen"]
[Result "0-1"]
[WhiteElo "1600"]
[BlackElo "2157"]
[PlyCount "66"]
[EventDate "2000.10.14"]
[EventType "swiss"]
[EventRounds "9"]
[EventCountry "IOM"]
[SourceTitle "BritBase"]
[SourceDate "2008.07.14"]
[SourceVersion "1"]
[SourceVersionDate "2008.07.14"]
[SourceQuality "2"]

1. Nf3 d5 2. c4 e6 3. e3 c5 4. d4 Nf6 5. cxd5 exd5 6. Bb5+ Bd7 7. Bxd7+ Nbxd7
8. O-O Be7 9. dxc5 O-O 10. Nc3 Nxc5 11. b3 Nce4 12. Bb2 Qa5 13. Qd3 Rac8 14.
Qb5 Qxb5 15. Nxb5 Rc2 16. Be5 Ng4 17. Bg3 Bc5 18. Nfd4 Rb2 19. h3 Nxg3 20. fxg3
Nxe3 21. Rf2 Rxf2 22. Kxf2 Nc2 23. Rd1 a6 24. b4 Bb6 25. Rd2 axb5 26. Rxc2
Bxd4+ 27. Kf3 Bb6 28. Re2 Rd8 29. Re7 d4 30. Ke2 d3+ 31. Kd2 Kf8 32. Rxb7 Be3+
33. Kd1 Rc8 0-1

[Event "Monarch Assurance Isle of Man 9th"]
[Site "Port Erin IOM"]
[Date "2000.10.16"]
[Round "3.16"]
[White "Valenti, Richard"]
[Black "Goodger, Martyn"]
[Result "1/2-1/2"]
[WhiteElo "2157"]
[BlackElo "2148"]
[PlyCount "38"]
[EventDate "2000.10.14"]
[EventType "swiss"]
[EventRounds "9"]
[EventCountry "IOM"]
[SourceTitle "BritBase"]
[SourceDate "2008.07.14"]
[SourceVersion "1"]
[SourceVersionDate "2008.07.14"]
[SourceQuality "2"]

1. d3 e5 2. e4 Nc6 3. Nf3 Nf6 4. Be2 Be7 5. O-O O-O 6. c3 d5 7. Nbd2 Re8 8. Qc2
Bg4 9. h3 Bh5 10. Re1 Qd7 11. b4 a6 12. a3 Rad8 13. Bb2 Bf8 14. Bf1 dxe4 15.
dxe4 Qe7 16. a4 Nd7 17. b5 Ncb8 18. c4 f6 19. Ba3 Nc5 1/2-1/2

[Event "Monarch Assurance Isle of Man 9th"]
[Site "Port Erin IOM"]
[Date "2000.10.16"]
[Round "3.17"]
[White "Plaskett, James"]
[Black "Spanton, Tim"]
[Result "1-0"]
[WhiteElo "2529"]
[BlackElo "2081"]
[PlyCount "79"]
[EventDate "2000.10.14"]
[EventType "swiss"]
[EventRounds "9"]
[EventCountry "IOM"]
[SourceTitle "BritBase"]
[SourceDate "2008.07.14"]
[SourceVersion "1"]
[SourceVersionDate "2008.07.14"]
[SourceQuality "2"]

1. c4 e6 2. Nf3 Nf6 3. g3 d5 4. b3 c5 5. Bg2 Nc6 6. O-O Bd6 7. e3 O-O 8. Bb2
Qe7 9. Qe2 Bd7 10. d3 Rad8 11. Nc3 dxc4 12. bxc4 Rfe8 13. Rfd1 e5 14. Rab1 h6
15. h3 Bc7 16. Nd2 Bf5 17. Nde4 Nxe4 18. Nxe4 Bd7 19. Nc3 Bb8 20. Nd5 Qe6 21.
Bc3 Bc8 22. Rb5 Bd6 23. Qb2 Ne7 24. Ra5 Nc6 25. Ra3 Bb8 26. Rb3 Bd6 27. Rb1 Ne7
28. Qa3 Nc6 29. Qa4 Qg6 30. Kh2 h5 31. h4 Qf5 32. Kg1 e4 33. dxe4 Rxe4 34. Rxb7
Ne5 35. Bxe4 Qxe4 36. Bxe5 Bxb7 37. Rxb7 Bxe5 38. Qd1 Rb8 39. Ne7+ Kf8 40.
Rxb8+ 1-0

[Event "Monarch Assurance Isle of Man 9th"]
[Site "Port Erin IOM"]
[Date "2000.10.16"]
[Round "3.18"]
[White "Benson, Paul"]
[Black "Palliser, Richard"]
[Result "0-1"]
[WhiteElo "2011"]
[BlackElo "2322"]
[PlyCount "64"]
[EventDate "2000.10.14"]
[EventType "swiss"]
[EventRounds "9"]
[EventCountry "IOM"]
[SourceTitle "BritBase"]
[SourceDate "2008.07.14"]
[SourceVersion "1"]
[SourceVersionDate "2008.07.14"]
[SourceQuality "2"]

1. d4 Nf6 2. Nc3 d5 3. Bg5 c5 4. Nf3 Ne4 5. e3 Nxg5 6. Nxg5 e6 7. Bb5+ Bd7 8.
Nxe6 fxe6 9. Qh5+ g6 10. Qe5 Qe7 11. Qxh8 Bxb5 12. Nxb5 a6 13. Nd6+ Qxd6 14.
Qxh7 cxd4 15. Qxg6+ Kd7 16. exd4 Nc6 17. c3 Qf4 18. O-O Bd6 19. g3 Ne7 20. Qg7
Qf5 21. Kg2 Rf8 22. f4 Rf7 23. Qg5 Qe4+ 24. Kg1 Qe3+ 25. Kh1 Rh7 26. Rae1 Qd3
27. Rf2 Nf5 28. Kg1 Rg7 29. Qh5 Rxg3+ 30. Kh1 Re3 31. Rg1 Qe4+ 32. Rfg2 Qxf4 {
time} 0-1

[Event "Monarch Assurance Isle of Man 9th"]
[Site "Port Erin IOM"]
[Date "2000.10.16"]
[Round "3.19"]
[White "Bergstrom, Rolf"]
[Black "Nicholson, John"]
[Result "1-0"]
[WhiteElo "2308"]
[BlackElo "2021"]
[PlyCount "33"]
[EventDate "2000.10.14"]
[EventType "swiss"]
[EventRounds "9"]
[EventCountry "IOM"]
[SourceTitle "BritBase"]
[SourceDate "2008.07.14"]
[SourceVersion "1"]
[SourceVersionDate "2008.07.14"]
[SourceQuality "2"]

1. e4 c5 2. Nf3 e6 3. c4 Nc6 4. Nc3 Nge7 5. d4 cxd4 6. Nxd4 Nxd4 7. Qxd4 Nc6 8.
Qd3 a6 9. Be3 Be7 10. Be2 O-O 11. O-O f5 12. exf5 Rxf5 13. Nd5 Nb4 14. Nxb4
Bxb4 15. Bg4 Rf8 16. c5 b6 17. Qe4 1-0

[Event "Monarch Assurance Isle of Man 9th"]
[Site "Port Erin IOM"]
[Date "2000.10.16"]
[Round "3.20"]
[White "Reinemer, Frank"]
[Black "Johnson, Paul A"]
[Result "1-0"]
[WhiteElo "2186"]
[BlackElo "1728"]
[PlyCount "61"]
[EventDate "2000.10.14"]
[EventType "swiss"]
[EventRounds "9"]
[EventCountry "IOM"]
[SourceTitle "BritBase"]
[SourceDate "2008.07.14"]
[SourceVersion "1"]
[SourceVersionDate "2008.07.14"]
[SourceQuality "2"]

1. d4 d5 2. c4 e6 3. Nc3 Nf6 4. cxd5 exd5 5. Bg5 Be7 6. e3 c6 7. Qc2 O-O 8. Bd3
Nbd7 9. Nge2 Re8 10. h3 Nf8 11. g4 g6 12. O-O-O Ne4 13. Bxe7 Qxe7 14. Bxe4 dxe4
15. Ng3 f5 16. gxf5 Bxf5 17. Rdg1 Kh8 18. h4 Nd7 19. h5 Nf6 20. hxg6 Bxg6 21.
f4 Qd7 22. Qh2 Re7 23. Qh6 Rg7 24. f5 Ng8 25. Qh3 Bf7 26. Ngxe4 Bd5 27. Nc5 Qf7
28. e4 b6 29. Nd3 Rxg1+ 30. Rxg1 Bxa2 31. Ne5 1-0

[Event "Monarch Assurance Isle of Man 9th"]
[Site "Port Erin IOM"]
[Date "2000.10.16"]
[Round "3.21"]
[White "Rattray, Ross"]
[Black "Garces, Diego"]
[Result "1/2-1/2"]
[WhiteElo "2109"]
[BlackElo "2154"]
[PlyCount "47"]
[EventDate "2000.10.14"]
[EventType "swiss"]
[EventRounds "9"]
[EventCountry "IOM"]
[SourceTitle "BritBase"]
[SourceDate "2008.07.14"]
[SourceVersion "1"]
[SourceVersionDate "2008.07.14"]
[SourceQuality "2"]

1. e4 c6 2. c4 d5 3. exd5 cxd5 4. d4 Nf6 5. Nc3 g6 6. Nf3 Bg7 7. c5 O-O 8. Bb5
Ne4 9. Be3 Nc6 10. O-O Bg4 11. Bxc6 bxc6 12. h3 Bxf3 13. gxf3 Nxc3 14. bxc3 Qa5
15. Qc2 e5 16. f4 exd4 17. cxd4 Rab8 18. Rab1 Qc7 19. Rb3 Rxb3 20. axb3 Rb8 21.
Ra1 Rb4 22. Qc3 Rb5 23. Ra3 Qb7 24. Kg2 1/2-1/2

[Event "Monarch Assurance Isle of Man 9th"]
[Site "Port Erin IOM"]
[Date "2000.10.16"]
[Round "3.22"]
[White "Van Kemenade, Rudy"]
[Black "McLeod, Fraser"]
[Result "0-1"]
[WhiteElo "2080"]
[BlackElo "2132"]
[PlyCount "130"]
[EventDate "2000.10.14"]
[EventType "swiss"]
[EventRounds "9"]
[EventCountry "IOM"]
[SourceTitle "BritBase"]
[SourceDate "2008.07.14"]
[SourceVersion "1"]
[SourceVersionDate "2008.07.14"]
[SourceQuality "2"]

1. e4 c5 2. Nf3 d6 3. Bb5+ Bd7 4. Bxd7+ Nxd7 5. O-O e6 6. Re1 Qc7 7. c3 Ngf6 8.
d3 Be7 9. Nbd2 O-O 10. d4 cxd4 11. Nxd4 a6 12. a4 Rac8 13. Qe2 Rfd8 14. Nf1 Qc4
15. Qxc4 Rxc4 16. Ne3 Rc7 17. f3 Ne5 18. Rd1 d5 19. exd5 Nxd5 20. Nxd5 Rxd5 21.
Bf4 Rcd7 22. Bxe5 Rxe5 23. Kf1 Rh5 24. h3 Rhd5 25. Re1 Bh4 26. Re4 Bg3 27. f4
h5 28. Ke2 Bxf4 29. Nxe6 Rd2+ 30. Kf3 Bh6 31. Nc5 Rd8 32. Rb4 f5 33. Kg3 Re8
34. Nb3 Re3+ 35. Kh2 Rxb2 36. Nd4 Bf4+ 37. Kh1 Rxb4 38. cxb4 Be5 39. Rd1 Bxd4
40. Rxd4 Re4 41. Rd8+ Kh7 42. b5 axb5 43. axb5 Re5 44. b6 Re6 45. Rd5 Kg6 46.
Rb5 Kg5 47. Kg1 g6 48. Kf2 Kf4 49. g3+ Ke4 50. h4 Kd4 51. Kf3 Kc4 52. Rb1 Kc5
53. Kf4 Rxb6 54. Rxb6 Kxb6 55. Kg5 Kc5 56. Kxg6 b5 57. Kxf5 b4 58. Kg5 b3 59.
Kxh5 b2 60. Kh6 b1=Q 61. g4 Kd6 62. g5 Ke7 63. g6 Kf6 64. h5 Qb7 65. g7 Qxg7#
0-1

[Event "Monarch Assurance Isle of Man 9th"]
[Site "Port Erin IOM"]
[Date "2000.10.17"]
[Round "4.1"]
[White "Kiriakov, Petr"]
[Black "Sherbakov, Ruslan"]
[Result "1/2-1/2"]
[WhiteElo "2525"]
[BlackElo "2558"]
[PlyCount "55"]
[EventDate "2000.10.14"]
[EventType "swiss"]
[EventRounds "9"]
[EventCountry "IOM"]
[SourceTitle "BritBase"]
[SourceDate "2008.07.14"]
[SourceVersion "1"]
[SourceVersionDate "2008.07.14"]
[SourceQuality "2"]

1. d4 d5 2. c4 dxc4 3. e3 e6 4. Bxc4 c5 5. Nf3 a6 6. O-O Nf6 7. dxc5 Qxd1 8.
Rxd1 Bxc5 9. Nbd2 b6 10. Be2 Bb7 11. Nb3 Be7 12. Nfd4 Nc6 13. Nxc6 Bxc6 14. f3
Bd5 15. Kf1 a5 16. Bb5+ Kf8 17. e4 Bxb3 18. axb3 Bc5 19. b4 Bxb4 20. Be3 Bc5
21. Bxc5+ bxc5 22. Rdc1 Ke7 23. Rxc5 Rhc8 24. Rac1 Rxc5 25. Rxc5 Rb8 26. b3 Nd7
27. Bxd7 Kxd7 28. Rxa5 1/2-1/2

[Event "Monarch Assurance Isle of Man 9th"]
[Site "Port Erin IOM"]
[Date "2000.10.17"]
[Round "4.2"]
[White "Volkov, Sergey"]
[Black "Hebden, Mark"]
[Result "0-1"]
[WhiteElo "2554"]
[BlackElo "2505"]
[PlyCount "120"]
[EventDate "2000.10.14"]
[EventType "swiss"]
[EventRounds "9"]
[EventCountry "IOM"]
[SourceTitle "BritBase"]
[SourceDate "2008.07.14"]
[SourceVersion "1"]
[SourceVersionDate "2008.07.14"]
[SourceQuality "2"]

1. d4 Nf6 2. c4 g6 3. Nc3 Bg7 4. e4 d6 5. Be2 O-O 6. Nf3 e5 7. Be3 Ng4 8. Bg5
f6 9. Bh4 Nc6 10. d5 Ne7 11. Nd2 Nh6 12. f3 c5 13. dxc6 bxc6 14. b4 Kh8 15. Nb3
g5 16. Bf2 f5 17. Qd2 fxe4 18. Nxe4 d5 19. Nxg5 Ng6 20. g3 e4 21. O-O exf3 22.
Bxf3 Ne5 23. Bd4 dxc4 24. Rad1 cxb3 25. Bxe5 Qb6+ 26. Bd4 Qxd4+ 27. Qxd4 Bxd4+
28. Rxd4 bxa2 29. Rh4 a5 30. b5 Bg4 31. Rxh6 Bxf3 32. Ra1 cxb5 33. Rxa2 Bd5 34.
Rd2 Rf5 35. h4 a4 36. Re2 Kg8 37. g4 Rxg5 38. hxg5 a3 39. Re1 a2 40. Ra1 Ra4
41. Kf2 Rxg4 42. Rd6 Rxg5 43. Rxd5 Rxd5 44. Rxa2 Kf7 45. Ra6 Rf5+ 46. Ke3 Rf6
47. Ra7+ Kg6 48. Rb7 Rf5 49. Ke4 h5 50. Rb8 Rc5 51. Kd4 Rg5 52. Rb6+ Kf7 53.
Rb7+ Ke6 54. Rb6+ Kd7 55. Rh6 b4 56. Kd3 Ke7 57. Kc2 Kf7 58. Kb3 Kg7 59. Rd6
Rg4 60. Rc6 Rd4 0-1

[Event "Monarch Assurance Isle of Man 9th"]
[Site "Port Erin IOM"]
[Date "2000.10.17"]
[Round "4.3"]
[White "Cherniaev, Alexander"]
[Black "Gladyszev, Oleg"]
[Result "1-0"]
[WhiteElo "2454"]
[BlackElo "2351"]
[PlyCount "153"]
[EventDate "2000.10.14"]
[EventType "swiss"]
[EventRounds "9"]
[EventCountry "IOM"]
[SourceTitle "BritBase"]
[SourceDate "2008.07.14"]
[SourceVersion "1"]
[SourceVersionDate "2008.07.14"]
[SourceQuality "2"]

1. e4 c5 2. c3 d6 3. d4 Nf6 4. f3 Nc6 5. Be3 cxd4 6. cxd4 g6 7. Nc3 Bg7 8. Bd3
e5 9. d5 Nd4 10. Nge2 Nxe2 11. Bxe2 O-O 12. g4 Ne8 13. h4 f5 14. Qd2 Bd7 15.
O-O-O f4 16. Bf2 Qa5 17. Kb1 Nc7 18. a3 Rfc8 19. Ka2 b5 20. b4 Qa6 21. Kb2 Rab8
22. a4 Qb7 23. a5 h6 24. Rc1 a6 25. Rc2 Na8 26. Rhc1 Bf8 27. Rh1 Kg7 28. Rhc1
Kg8 29. Qe1 Rc7 30. Qh1 Qc8 31. g5 h5 32. Qg1 Qb7 33. Bf1 Kg7 34. Qh1 Qc8 35.
Bg1 Be7 36. Qh2 Rbb7 37. Bf2 Rb8 38. Ka3 Kf8 39. Bg1 Kg7 40. Qg2 Qb7 41. Qd2
Bd8 42. Rb1 Qc8 43. Kb2 Be8 44. Kc1 Rbb7 45. Kd1 Rb8 46. Ke1 Bd7 47. Rbc1 Rbb7
48. Qh2 Kf8 49. Kf2 Be7 50. Kg2 Bd8 51. Kh1 Be7 52. Qg2 Bd8 53. Kh2 Kg8 54. Bf2
Kg7 55. Qg1 Qb8 56. Be2 Rc8 57. Qd1 Rcc7 58. Bf1 Qc8 59. Qd2 Kh7 60. Bd3 Qb8
61. Ne2 Rxc2 62. Rxc2 Rc7 63. Nxf4 Rxc2 64. Bxc2 exf4 65. Qxf4 Kg8 66. Bd4 Qc7
67. Bb3 Bc8 68. e5 Qe7 69. e6 Nc7 70. Qe4 Qe8 71. Bf6 Be7 72. f4 Bf8 73. f5 Bb7
74. Bc3 gxf5 75. Qd4 Kh7 76. Qh8+ Kg6 77. Qg8+ 1-0